01988nam a2200241Ia 450000500170000000800410001704000440005804100080010208200120011010000310012224200710015324500670022426001250029130000310041649000690044750005340051650505300105050600210158054600230160160000370162465000280166165100570168920250213122603.0130821s1927 fr fr dfre  aCo-BoUCMbspacSandra YazodSandra Yazo0 afre04a9232201 aAndré, Mariusd1868-192703aLa verdadera aventura de Cristóbal ColóncAndré Marius yspa13aLa véridique aventure de Christophe Colomb.cAndré Marius  aParís(Francia)bLibrairie Plon ; Les petits-fils de Plon et Nourrit [Librería Plon ; Nietos de Plon y Nourrit]c1927 a308 páginasc18 x 12 cm.3 aLe roman des grandes existences [La novela de las grandes vidas] aDetalles físicos: Sin encuadernación original, actualmente encuadernación rígida (holandesa) cartón forrado en papel texturizado (negro). Lomo en tela, con letras y líneas decorativas en dorado. Guardas. Hoja de cortesía. Anteportada. Portada impresa en una sola tinta. Texto impreso en una columna, con diferentes tipos y tamaños de letra. Cortes decorados con jaspeados de color rojo. Papel con oxidación de tintas en bordes. Anteportada y portada empiezan a desprenderse. Huellas de cinta pegante en el lomo.0 aUn descendiente de los vencedores de Mitrídates entre los franciscanos cosmógrafos de La Rábida ; Orígenes de Colón ; Estancia en Portugal ; Su viaje más allá de Thule ; Los sinsabores y los triunfos del hombre de ideas fijas ; Primer viaje: la poesía de la Mar Océana ; Colón descubre las Antillas ; Colón regresa de las Indias y planea un segundo viaje ; Un Quijote que ha leído demasiadas novelas de caballería y un almirante que merece el fusilamiento ; Último viaje: alucinaciones y muerte… aConsulta en sala aTexto en francés17aColón, Cristóbald1451-1506 07aDescripciones y viajes  7aAméricaxDescubrimientos y exploracionesxHistoria